UBT Library

Mayo clinic on arthritis (Record no. 50112)

000 -LEADER
fixed length control field 00331nam a22001457a 4500
008 - FIXED-LENGTH DATA ELEMENTS--GENERAL INFORMATION
fixed length control field 181018b xxu||||| |||| 00| 0 eng d
020 ## - INTERNATIONAL STANDARD BOOK NUMBER
International Standard Book Number 666410016958
041 ## - LANGUAGE CODE
Language code of text/sound track or separate title eng
080 ## - UNIVERSAL DECIMAL CLASSIFICATION NUMBER
Edition identifier 2 nd
Universal Decimal Classification number 616-002.77
082 ## - DEWEY DECIMAL CLASSIFICATION NUMBER
Classification number 616-002.77
100 ## - Rafti
Rafti 7
101 ## - Shkurtesa
Shkurtesa REU
245 ## - TITLE STATEMENT
Title Mayo clinic on arthritis
Statement of responsibility, etc Hunder.G
942 ## - ADDED ENTRY ELEMENTS (KOHA)
Source of classification or shelving scheme
Item type Books
Holdings
Withdrawn status Lost status Source of classification or shelving scheme Damaged status Not for loan Collection code Permanent location Current location Shelving location Date acquired Total Checkouts Full call number Barcode Date last seen Price effective from Koha item type
          Koleksioni i përgjithshem UBT - Lipjan UBT - Lipjan Koleksioni i përgjithshem 10/18/2018   616-002.77 HUN 002-3015368 10/18/2018 10/18/2018 Books
          Koleksioni i përgjithshem UBT - Lipjan UBT - Lipjan Koleksioni i përgjithshem 10/18/2018   616-002.77 CRE 002-3015367 10/18/2018 10/18/2018 Books
UBT Library © 2015-2024. All rights reserved University Education for Business and Technology